| 000 | 00545nam a2200193Ia 4500 | ||
|---|---|---|---|
| 003 | GCL | ||
| 008 | 140319s9999 xx 000 0 ara d | ||
| 040 |
_aGCL / _cGCL |
||
| 082 | 0 | 4 |
_aط _b790.13 _bا ف |
| 100 | 1 | _aاسماعيل عبدالفتاح | |
| 245 | 1 | 0 |
_aفكر والعب وابتكر / _cاسماعيل عبدالفتاح |
| 300 | _a53 ص | ||
| 490 |
_aكتب الاطفال _v0 |
||
| 650 | 0 | 4 | _aالترفيه |
| 650 | 0 | 4 | _aالتسالى |
| 650 | 0 | 4 | _aالحرف اليدوية |
| 650 | 0 | 4 | _aالهوايات |
| 942 |
_2ddc _cBK |
||
| 999 |
_c50599 _d50599 |
||